000
00287cam a2200109ua 4500
082
_a
822
_b
SHA/CO
100
_a
Shakespeare, William.
_9
1841
245
_a
Complete Works of William Shakespeare /
260
_a
London :
_b
Oxford University Press ,
_c
1963.
300
_a
1163 ; .
942
_c
BK
999
_c
4444
_d
4444